Journal of Marriage and Family

Detalles Bibliográficos
Formato: Revista
Lenguaje:español
Publicado: Minneapolis, MN : National Council on Family Relations, 1939-
Materias:
Acceso en línea:http://www.vlex.com/source/7315

MARC

LEADER 00000nas a22000007a 4500
005 20130325183030.0
007 cr|||| ||||
008 130325c19399999xxubr|p s|||| 0|||a1spa d
035 |a 7315 
040 |a vLex 
090 |c 4017  |d 4017 
245 0 0 |a Journal of Marriage and Family  |h [Recurso electrn̤ico] 
256 |a Servicio en ln̕ea 
260 |a Minneapolis, MN :  |b National Council on Family Relations,  |c 1939- 
300 |a 1 Recurso electrn̤ico 
506 |d vLex Global  |d vLex Global (Academic Edition, excluding Law Schools)  |d vLex Global (U.S. Academic Edition, Law Schools)  |d vLex Global (U.S. Academic Edition, excluding Law Schools)  |d vLex Global (Academic Edition, Law Schools) 
650 0 4 |a Derecho civil  |v Revistas 
650 0 4 |a Familia  |v Revistas 
650 0 4 |a Matrimonio  |v Revistas 
740 |a vLex Revistas (Servicio en ln̕ea) 
856 |a Acceso restringido  |u http://www.vlex.com/source/7315 
942 |c REV 
999 0 |a Civil law